Statistics for Top 25 World Cup goal scorers

Click here to take the quiz!

General Stats

  • This quiz has been taken 21 times
  • The average score is 11 of 25

Answer Stats

CountryAnswer% Correct
GermanyMiroslav Klose
100%
BrazilRonaldo
100%
West GermanyGerd Muller
94%
GermanyThomas Muller
94%
BrazilPele
89%
FranceJust Fontaine
72%
PortugalEusebio
61%
EnglandGary Lineker
56%
ArgentinaGabriel Batistuta
50%
West Germany/GermanyJurgen Klinsmann
50%
West GermanyKarl-Heinz Rummenigge
50%
ItalyPaolo Rossi
50%
SpainDavid Villa
44%
HungarySandor Kocsis
28%
PeruTeofilo Cubillas
28%
ItalyRoberto Baggio
22%
West GermanyUwe Seeler
22%
ItalyChristian Vieri
17%
PolandGrzegorz Lato
17%
BrazilJairzinho
17%
BrazilVava
17%
BrazilAdemir
6%
ArgentinaGuillemermo Stabile
6%
West GermanyHelmut Rahn
6%
BrazilLeonidas
6%

Score Distribution

Percentile by Number Answered

Percent of People with Each Score

Your Score History

You have not taken this quiz